| 000 | 01451nam0a22003011 4500 | ||
|---|---|---|---|
| 001 | rc\4747954 | ||
| 005 | 20250613072212.0 | ||
| 021 |
_aRU _b[62-19042ж] |
||
| 035 | _a(NLR Aleph) 009008517 | ||
| 090 |
_a9352440 _c9352440 |
||
| 100 | _a20130417d1962 |||y0rusy50 ca | ||
| 101 | 0 | _arus | |
| 102 | _aRU | ||
| 105 | _aa z ||||| | ||
| 200 | 1 |
_aИз истории Октябрьской революции и гражданской войны в Казахстане _e[Сборник _fРед. коллегия: ...Т.Е. Елеуов (отв. ред.) и др.] |
|
| 210 |
_aАлма-Ата _cИзд-во Акад. наук КазССР _d1962 |
||
| 215 |
_a178 с. _cил. _d27 |
||
| 225 | 1 |
_aАкадемия наук КазССР. Труды Института истории, археологии и этнографии имени Ч.Ч. Валиханова _vТ. 13 |
|
| 300 | _aНа корешке загл.: История | ||
| 516 | 0 | _aИстория | |
| 606 |
_aИностранная военная интервенция и гражданская война в СССР 1918-1920 гг. _yКазахстан _2psbo |
||
| 606 |
_aВеликая Октябрьская социалистическая революция _yКазахстан _2psbo |
||
| 702 | 1 |
_aЕлеуов _bТ.Е. _gТажен Елеуович _4340 |
|
| 801 | 0 |
_aRU _bNLR _gpsbo |
|
| 801 | 1 |
_aRU _bELAR _2rusmarc |
|
| 852 |
_aNLR _jП32/212 |
||
| 942 | _cBOOK | ||
| 980 | _aNB | ||